|
|
|
|
| LEADER |
00000nab a2200000 4500 |
| 001 |
vtls012269195 |
| 003 |
SK-MaSNL |
| 005 |
20260318121706.0 |
| 008 |
250113c2021 xo er|n || ||00 c0ukr |
| 015 |
|
|
|a SNBRB2025/01
|
| 038 |
|
|
|a SVKPOCL
|
| 040 |
|
|
|a SVKPOCL
|b slo
|c SVKPOCL
|e rda
|
| 041 |
0 |
|
|a ukr
|
| 043 |
|
|
|a e-xo---
|a e-xr---
|
| 044 |
|
|
|a xo
|c SK
|
| 080 |
|
|
|a 75/76.071
|2 2011
|
| 080 |
|
|
|a (437.6)
|2 2011
|
| 080 |
|
|
|a (437.3)
|2 2011
|
| 080 |
|
|
|a (477)
|2 2011
|
| 100 |
1 |
|
|a Medviď, Peter,
|d 1981-
|4 aut
|9 268505
|
| 245 |
1 |
0 |
|a 4-ho novembra 1911-ho roku v Novosadi ...
|c [autor] -pem-
|
| 246 |
3 |
|
|a Četvertoho novembra 1911-ho roku v Novosadi ...
|
| 336 |
|
|
|a text
|b txt
|2 rdacontent
|
| 337 |
|
|
|a bez média
|b n
|2 rdamedia
|
| 338 |
|
|
|a zväzok
|b nc
|2 rdacarrier
|
| 500 |
|
|
|a V rubrike Našŷ osobnosty Istoričnŷj kalendar'
|
| 500 |
|
|
|a Akronym odkrytý s autorovým súhlasom
|
| 600 |
1 |
7 |
|a Doboš, Andrej,
|d 1911-1997
|2 SNKMA
|9 249975
|
| 648 |
|
7 |
|a 4.11.1911-31.8.1997
|2 svkpocl
|9 1583606
|
| 648 |
|
7 |
|a 1946
|2 svkpocl
|9 295550
|
| 650 |
0 |
7 |
|a maliari
|2 SNKPH
|9 3150
|
| 650 |
0 |
7 |
|a biografia
|2 SNKPH
|9 71085
|
| 650 |
0 |
7 |
|a osobnosti
|2 SNKPH
|9 29820
|
| 650 |
0 |
7 |
|a rodáci
|2 SNKPH
|9 30842
|
| 650 |
0 |
7 |
|a grafici
|2 SNKPH
|9 87837
|
| 651 |
|
7 |
|a Košice (Slovensko)
|2 SNKPHgeo
|9 18694
|
| 651 |
|
7 |
|a Užhorod (Ukrajina)
|2 SNKPHgeo
|9 26707
|
| 651 |
|
7 |
|a Slovensko
|2 SNKPHgeo
|9 14231
|
| 651 |
|
7 |
|a Praha (Česko)
|2 SNKPHgeo
|9 19313
|
| 651 |
|
7 |
|a Česko
|2 SNKPHgeo
|9 16753
|
| 651 |
|
7 |
|a Novosad (Slovensko)
|2 SNKPHgeo
|9 29860
|
| 773 |
0 |
|
|t NN info Rusyn
|g Roč. XVIII (30), č. 21 (2021), s. 10
|x 2454-0013
|
| 852 |
|
|
|a SVKPO
|b KIS3GCP
|
| 958 |
|
|
|a RN
|
| 958 |
|
|
|a BC
|
| 958 |
|
|
|a SS
|
| 958 |
|
|
|a UA
|
| 958 |
|
|
|a SK
|
| 999 |
|
|
|c 3239072
|d 3241002
|